Los cinco comunismos / (Record no. 176353)

MARC details
000 -LEADER
campo de control de longitud fija 00732nam a22002295i 4500
001 - NÚMERO DE CONTROL
campo de control 176353
003 - IDENTIFICADOR DE NÚMERO DE CONTROL
campo de control ES-MaACL
005 - FECHA Y HORA DE LA ÚLTIMA TRANSACCIÓN
campo de control 20250727033933.0
008 - DATOS DE LONGITUD FIJA--INFORMACIÓN GENERAL
campo de control de longitud fija 110111s1982 sp |||| | spa d
020 ## - NÚMERO INTERNACIONAL ESTÁNDAR DEL LIBRO
Número Internacional Estándar del Libro 84-277-0530-1
080 ## - NÚMERO DE LA CLASIFICACIÓN DECIMAL UNIVERSAL
Número de la Clasificación Decimal Universal 329.15
100 0# - ENTRADA PRINCIPAL--NOMBRE DE PERSONA
Nombre de persona Martinet, Gilles.
9 (RLIN) 77705
245 14 - MENCIÓN DEL TÍTULO
Título Los cinco comunismos /
Mención de responsabilidad, etc. Gilles Martinet ; [traducción: Ángeles Ruiz].
260 ## - PUBLICACIÓN, DISTRIBUCIÓN, ETC.
Lugar de publicación, distribución, etc. Madrid :
Nombre del editor, distribuidor, etc. Narcea,
Fecha de publicación, distribución, etc. D. L. 1982.
300 ## - DESCRIPCIÓN FÍSICA
Extensión 319 p. ;
Dimensiones 18 cm.
490 1# - MENCIÓN DE SERIE
Mención de serie Bitácora. Biblioteca del estudiante ;
Designación de volumen o secuencia 80
650 07 - PUNTO DE ACCESO ADICIONAL DE MATERIA--TÉRMINO DE MATERIA
Término de materia o nombre geográfico como elemento de entrada Comunismo
Fuente del encabezamiento o término embne
9 (RLIN) 11211
700 1# - ENTRADA AGREGADA--NOMBRE PERSONAL
Nombre de persona Ruiz, Ángeles.
9 (RLIN) 144653
830 0# - PUNTO DE ACCESO ADICIONAL DE SERIE-TÍTULO UNIFORME
Título uniforme Bitácora. Biblioteca del estudiante ;
Designación de volumen o secuencia 80
9 (RLIN) 181903
852 ## - LOCALIZACIÓN
Ubicación ES-MaACL
Número de control de estantería E-13997
Encuadernación Olim P-1892
Holdings
Estatus retirado Estado de pérdida Estado de daño No para préstamo Biblioteca de origen Biblioteca actual Ubicación en estantería Fecha de adquisición Fuente de adquisición Total de préstamos Signatura topográfica completa Código de barras Visto por última vez Precio de reemplazo Tipo de ítem Koha
        Biblioteca del Ateneo de Madrid Biblioteca del Ateneo de Madrid Depósito 2 11/01/2011     E-13997 1185211 23/02/2023 23/02/2023 Libro impreso